LIBRARY ONLINE CATALOGUE

Civic education for schools and colleges : (Record no. 13150)

MARC details
000 -LEADER
fixed length control field 00608nam a22002052 4500
001 - CONTROL NUMBER
control field 0000009056
005 - DATE AND TIME OF LATEST TRANSACTION
control field 20151217155839.0
008 - FIXED-LENGTH DATA ELEMENTS--GENERAL INFORMATION
fixed length control field 080731s xx 000 0 eng d
020 ## - INTERNATIONAL STANDARD BOOK NUMBER
International Standard Book Number 9966970118 :
Terms of availability Donation
040 ## - CATALOGING SOURCE
Original cataloging agency KABU
Transcribing agency KABU
245 10 - TITLE STATEMENT
Title Civic education for schools and colleges :
Remainder of title a source book.
250 ## - EDITION STATEMENT
Edition statement 2nd ed.
260 ## - PUBLICATION, DISTRIBUTION, ETC. (IMPRINT)
Place of publication, distribution, etc. Nairobi :
Name of publisher, distributor, etc. Daraja - Civic Initiatives Forum,
Date of publication, distribution, etc. 2004.
300 ## - PHYSICAL DESCRIPTION
Extent ix, 148 p.
650 #0 - SUBJECT ADDED ENTRY--TOPICAL TERM
Topical term or geographic name as entry element Civics.
-- 0000160008
650 #0 - SUBJECT ADDED ENTRY--TOPICAL TERM
Topical term or geographic name as entry element Citizenship.
-- 0000160009
908 ## - PUT COMMAND PARAMETER (RLIN)
Put command parameter 080731
950 ## - LOCAL HOLDINGS (RLIN)
-- 1
Holdings
Withdrawn status Lost status Source of classification or shelving scheme Not for loan Home library Current library Date acquired Total Checkouts Full call number Barcode Date last seen Price effective from Koha item type
    Library of Congress Classification   Kabarak, Main Campus Kabarak, Main Campus 17/12/2015   JQ2947 .A92C58 2004 c. 1 012545 17/12/2015 17/12/2015 Africana Collection